000 00730nam a22002532a 4500
001 14206
003 BD-RjUL
005 20211208235604.0
008 140205s1955 enka 001 0 eng d
035 _a(BD-RjUL)14258
040 _aDLC
_cKSU
_dEQO
_dBD-RjUL
_beng
041 _aeng
082 _220
_a652.30285
_bPIT 1955
090 _aZ49
_b.P575
110 2 _aPitmans College.
_944367
245 1 0 _aTeach yourself typewriting /
_cPitmans College.
260 _aLondon :
_bEnglish Universities Press,
_c1955.
300 _aviii, 227 p. :
_bill. ;
_c18 cm.
490 1 _aEUP teach yourself books
504 _aIncludes index.
650 _aTypewriting.
_944365
830 0 _aEUP teach yourself books
_944368
942 _2ddc
_cBK
999 _c14206
_d14206